000 00468cam a22001814a 4500
005 20250605164250.0
008 250528s ||||||||||||||||||||||||d
035 _a21705
040 _aGR-AtMCL
_bgre
_dGR-AtMCL
_eAACR2
245 1 _aΙΣΤΟΡΙΑ ΤΗΣ ΝΕΟΕΛΛΗΝΙΚΗΣ ΛΟΓΟΤΕΧΝΙΑΣ
250 _a2
260 _bΟδυσσέας,
_c1987
300 _a526
700 1 _aVitti Mario
_97644
942 _cBK
999 _c6765
_d6765